LEADER 01946nam2 22003611i 450 001 UON00038941 005 20231205102137.26 010 $a37-88720-31-X$bV. III/4 100 $a20020107f1980 |0itac50 ba 101 $ager 102 $aDE 105 $a|||| 1|||| 200 1 $aLeviticus$fRolf Rendtorff 210 $aNeukirchen-Vluyn$cNeukirchner Verl.$d1983- 215 $afasc.$d24 cm 300 $aPosseduti f. 1,2,3,4. 311 $afasc. 1,2,3,4$9UON00006105 316 $aaltri inv.: 65715, 72708, 111094$5IT-UONSI SEBVIAB/012 (3/1.1) 461 0$1001UON00006105$12001 $aBiblischer Kommentar$eAltes Testament$1210 $aNeukirchen-Vluyn$cNeukirchener Verlag$d1966- $1215 $a v.$d24 cm.$v3 fasc. 1,2,3,4 500 1$3UON00355571$aBibbia. Antico Testamento. Levitico$939585 606 $aANTICO TESTAMENTO$xLEVITICO$3UONC013001$2FI 620 $aDE$dNeukirchen-Vluyn$3UONL000365 686 $aSEB VI AB$cSTUDI EBRAICI - LETTERATURA - TESTI BIBLICI - CRITICA LETTERARIA$2A 700 1$aRENDTORFF$bRolf$3UONV024862$0206126 712 $aNeukirchener$3UONV246756$4650 801 $aIT$bSOL$c20240220$gRICA 912 $aUON00038941 950 $aSIBA - SISTEMA BIBLIOTECARIO DI ATENEO$dSI SEB VI AB 012 (3/1.1) $eSI SA 45397 5 012 (3/1.1) altri inv.: 65715, 72708, 111094 950 $aSIBA - SISTEMA BIBLIOTECARIO DI ATENEO$dSI SEB VI AB 012 (3/1.2) $eSI SA 65715 7 012 (3/1.2) 950 $aSIBA - SISTEMA BIBLIOTECARIO DI ATENEO$dSI SEB VI AB 012 (3/1.3) $eSI SA 72708 7 012 (3/1.3) 950 $aSIBA - SISTEMA BIBLIOTECARIO DI ATENEO$dSI SEB VI AB 012 (3/1.4) $eSI SA 111094 7 012 (3/1.4) 996 $aBibbia. Antico Testamento. Levitico$939585 997 $aUNIOR